000 00430nam a2200193Ia 4500
008 151119s9999||||xx |||||||||||||| ||und||
082 _a823.91
082 _bGKKV30268
100 _aABRAR MOHSIN
245 _aTHE ARABIAN NIGHTS
260 _a--
260 _b--
260 _c0
600 _aABRAR MOHSIN
630 _aTHE ARABIAN NIGHTS
700 _aABRAR MOHSIN
730 _aTHE ARABIAN NIGHTS
942 _cBOOK
999 _c1082605
_d1082602